The Life of the (Electoral) Parties Quiz Stats

 Plays Quiz not verified by Sporcle

Score 0/31 Timer 05:00
0 Plays Today
% Correct
New York
97.9%
Pennsylvania
95.8%
Ohio
95.1%
Virginia
95.1%
Illinois
92.3%
Georgia
90.8%
Indiana
90.8%
Kentucky
90.8%
North Carolina
90.8%
Connecticut
90.1%
New Jersey
90.1%
Massachusetts
89.4%
South Carolina
88.7%
Maryland
88%
Michigan
87.3%
Tennessee
87.3%
% Correct
Vermont
86.6%
New Hampshire
85.9%
Rhode Island
85.9%
Wisconsin
85.9%
Alabama
83.8%
Maine
81%
Missouri
80.3%
Mississippi
79.6%
Delaware
76.8%
California
64.1%
Louisiana
62.7%
Minnesota
59.9%
Oregon
38.7%
Nevada
31%
Kansas
27.5%

You're not logged in!

Compare scores with friends on all Sporcle quizzes.
OR
Log In

You Might Also Like...

Show Comments

Extras

Top Quizzes Today


Score Distribution

Your Account Isn't Verified!

In order to create a playlist on Sporcle, you need to verify the email address you used during registration. Go to your Sporcle Settings to finish the process.

Report this User

Report this user for behavior that violates our Community Guidelines.

Details: